000 00632nam a2200181 i 4500
001 121937
003 ES-MaACL
005 20230906191854.0
007 t|
008 070214s1966 sp r ||||1| spa d
245 0 0 _aActualidades otorrinolaringológicas /
_cR. Poch Viñals [director] ; con la colaboración de R. Bartual Vicens ... [et al.].
260 _aMadrid :
_bMarban,
_c1966.
300 _aVI, 246 p. :
_bil. ;
_c24 cm.
650 4 _aEnfermedades otorrinolaringológicas.
_9144723
700 1 _aPoch Viñals, Rosendo (
_d1913-1986)
_992699
700 1 _aBartual Vicens, R.
_926201
852 _aES-MaACL
_jC-29687
_bR.60093
999 _c121937
_d121937